Normal view
MARC view
- السيرة النبوية
Entry Topical Term
001 - CONTROL NUMBER
- control field: 59125
003 - CONTROL NUMBER IDENTIFIER
- control field: JO-AjAnu
005 - DATE AND TIME OF LATEST TRANSACTION
- control field: 20230606083654.0
008 - FIXED-LENGTH DATA ELEMENTS
- fixed length control field: 230606|| aca||aabn | a|a d
040 ## - CATALOGING SOURCE
- Original cataloging agency: JO-AjAnu
- Transcribing agency: JO-AjAnu
150 ## - HEADING--TOPICAL TERM
- Topical term or geographic name entry element: السيرة النبوية
670 ## - SOURCE DATA FOUND
- Source citation: Work cat.: (JO-AjAnu)30158: تأليف: ابن هشام ؛ حققها وضبطها وشرحها: مصطفى السقا، ابراهيم الابياري، عبدالحفيظ شلبي ؛ وضع فهارسها من جديد: معروف زريق, author 59124, السيرة النبوية، ج1-2